EPIC: the Musical Songs by Antonym - Statistics

General Stats
  • This quiz has been taken 685 times
    682 since last reset
  • The average score is 28 of 40
Answer Stats
Antonym Song % Correct
Your Hello My Goodbye
95%
Empty Slowness Behind Full Speed Ahead
93%
The Mare and the Adult The Horse and the Infant
89%
Safe Dangerous
84%
Sorry for Hating Me Not Sorry for Loving You
83%
Closed Legs Open Arms
83%
Angel Monster
81%
600 Getting Struck Six Hundred Strike
81%
Forget Us Remember Them
80%
Lightning Accepter Thunder Bringer
80%
Penelope Odysseus
79%
Puppet Puppeteer
77%
Pacifist of the Body Warrior of the Mind
77%
Big Lion Little Wolf
76%
Charybdis Scylla
76%
Scylla Charybdis
74%
Mercy Ruthlessness
74%
I Will Stand Out of Hate Without You Never Would You Fall In Love With Me Again
74%
Give My Enemies Far Keep Your Friends Close
73%
Die Survive
73%
Mortal Work God Games
72%
Likewise a Woman Just a Man
72%
Still Me No Longer You
72%
Same Angel Different Beast
71%
Hatred Outside of Hell Love In Paradise
67%
Leave the Fire Get in the Water
63%
The Earth The Underworld
63%
Mayhaps I Dislike Wouldn't You Like
63%
Pleasure Suffering
62%
Let Go of Us Up Hold Them Down
59%
Skill Walks In Luck Runs Out
58%
The Ease The Challenge
56%
Y'all Will Not Be Ill We'll Be Fine
53%
Insignificant Legendary
52%
It Is Impossible for You to Ignore I Can't Help But Wonder
50%
Here Aren't One Bypass There Are Other Ways
50%
Arges Polyphemus
48%
Tranquility Storm
47%
Submission Mutiny
44%
Still Going Done For
39%
No matching quizzes found
Score Distribution
Percent of People with Each Score
Percentile by Number Answered
Your Score History
You have not taken this quiz since the last reset